000 01012aam a2200301 i 4500
001 768714001
003 CO-MdFUSB
005 20240715122420.0
007 ta
008 240715t1997 enk |||| |||| 00| 0 ger d
040 _cCO-MdFUSB
041 0 _ager
082 0 4 _a296.385
_223
_bE366m
100 1 _aEk, Gerardo van
_eautor
245 1 0 _aMens en Maatschappij :
_bTussen chaos en kosmos
_c/ Gerrit van Ek.
264 1 _bProefschrift,
_aBunschoten , Netherlands :
_c[1957]
264 4 _c©1957
300 _a251 páginas
_c ; 25 cm
336 _atexto
_btxt
_2rdacontent
337 _2rdamedia
_asin mediación
_bn
338 _2rdacarrier
_avolumen
_bnc
505 _aHombre y sociedad entre caos y cosmos. -- Una investigación de los fundamentos de la crítica social sapiencial en el antiguo Cercano Oriente y especialmente en el antiguo Israel con un resumen en español.
563 _aRústico
650 7 _aJudaísmo
_96881
942 _cBK
945 _aJTF-925
999 _c39166
_d39166